| 000 | 00750nam a2200229 a 4500 | ||
|---|---|---|---|
| 003 | SISC | ||
| 005 | 20170302080803.0 | ||
| 008 | 111015s19uu xx 00 eng d | ||
| 020 | _a9780470665534 | ||
| 050 |
_aHF 5548.85 _b.D66 2011 |
||
| 100 | _aDonaldson-Feilder, Emma. | ||
| 245 |
_aPreventing stress in organizations : _bhow to develop positive managers / _cEmma Donaldson-Feilder, et al. |
||
| 260 |
_aUnited Kingdom : _bWiley-Blackwell, _c2011. |
||
| 300 |
_a269 pages : _billustrations ; _c24 cm. |
||
| 500 | _aIncludes bibliographical references, appendix and index. | ||
| 650 | _aJob stress | ||
| 650 |
_aJob stress _xPrevention. |
||
| 700 | _aYarker, Joanna. | ||
| 700 | _aLewis, Rachel. | ||
| 942 |
_cBK _2lcc _kFOR |
||
| 999 |
_c24999 _d24999 |
||